Vista normal
Vista MARC
Entrada Materia (personas)
Número de registros utilizados en: 1
001 - CONTROL NUMBER
- control field: 62036
003 - CONTROL NUMBER IDENTIFIER
- control field: Co-BoUCM
005 - DATE AND TIME OF LATEST TRANSACTION
- control field: 20140530112850.0
008 - FIXED-LENGTH DATA ELEMENTS
- fixed length control field: 140530|| aca||aabn | a|a d
040 ## - CATALOGING SOURCE
- Original cataloging agency: Co-BoUCM
- Transcribing agency: Co-BoUCM
100 ## - HEADING--PERSONAL NAME
- Personal name: Lauria-Santiago, Aldo
- Relator term: editor
670 ## - SOURCE DATA FOUND
- Source citation: Work cat.: (Co-BoUCM)242408: Identity and struggle at the margins of the nation-state, 1998